"Light a small candle": the story of Evangelical Free Church missions in the Orient

Saved in:  
Bibliographic Details
Authors: Palmer, Bernard Alvin 1914-1998 (Author) ; Palmer, Marjorie (Author)
Format: Print Book
Language:English
Subito Delivery Service: Order now.
Check availability: HBZ Gateway
WorldCat: WorldCat
Interlibrary Loan:Interlibrary Loan for the Fachinformationsdienste (Specialized Information Services in Germany)
Published: Minneapolis, MN Free Church Press 1982
In: Heritage series (5)
Year: 1982
Series/Journal:Heritage series 5
Further subjects:B Free church
B Asia
B Missions theology
B Evangelical Free Church of North America
B Mission (international law

MARC

LEADER 00000cam a22000002c 4500
001 1097714446
003 DE-627
005 20251224220759.0
007 tu
008 920323s1982 xx ||||| 00| ||eng c
020 |z 0911801541 
035 |a (DE-627)1097714446 
035 |a (DE-576)027714446 
035 |a (DE-599)BSZ027714446 
035 |a (OCoLC)9962311 
035 |a (OCoLC)09962311 
040 |a DE-627  |b ger  |c DE-627  |e rakwb 
041 |a eng 
082 0 |a 266/.4 
084 |a 1  |2 ssgn 
100 1 |0 (DE-588)130364746  |0 (DE-627)500081549  |0 (DE-576)298151847  |4 aut  |a Palmer, Bernard Alvin  |d 1914-1998 
109 |a Palmer, Bernard Alvin 1914-1998  |a Palmer, Bernard 1914-1998  |a Palmer, Barry 1914-1998 
245 1 0 |a "Light a small candle"  |b the story of Evangelical Free Church missions in the Orient  |c by Bernard & Marjorie Palmer 
264 1 |a Minneapolis, MN  |b Free Church Press  |c 1982 
300 |a 460 S.  |b Ill. 
336 |a Text  |b txt  |2 rdacontent 
337 |a ohne Hilfsmittel zu benutzen  |b n  |2 rdamedia 
338 |a Band  |b nc  |2 rdacarrier 
490 1 |a Heritage series  |v 5 
500 |a Includes bibliographies 
583 1 |a Archivierung prüfen  |c 20200919  |f DE-640  |z 1  |2 pdager 
583 1 |a Archivierung/Langzeitarchivierung gewährleistet  |f SSG  |x XA-DE-BW  |2 pdager  |5 DE-21 
601 |a Evangeliar 
601 |a Mission 
610 2 7 |0 (DE-588)4289120-6  |0 (DE-627)700705449  |0 (DE-576)210826401  |a Evangelical Free Church of North America  |2 gnd 
650 0 7 |0 (DE-588)4018337-3  |0 (DE-627)106326376  |0 (DE-576)208923888  |a Freikirche  |2 gnd 
650 0 7 |0 (DE-588)4039567-4  |0 (DE-627)106227602  |0 (DE-576)20903551X  |a Mission  |2 gnd 
650 0 7 |0 (DE-588)4074863-7  |0 (DE-627)106088165  |0 (DE-576)209195509  |a Missionstheologie  |2 gnd 
651 7 |0 (DE-588)4003217-6  |0 (DE-627)10457822X  |0 (DE-576)208850694  |a Asien  |2 gnd 
700 1 |a Palmer, Marjorie  |4 aut 
830 0 |a Heritage series  |v 5  |9 5  |w (DE-627)107475879X  |w (DE-576)00475879X  |7 am 
935 |a mteo 
951 |a BO 
ELC |b 1 
ITA |a 1  |t 1 
LOK |0 000 xxxxxcx a22 zn 4500 
LOK |0 001 2182109951 
LOK |0 003 DE-627 
LOK |0 004 1097714446 
LOK |0 005 20090814112507 
LOK |0 008 920323||||||||||||||||ger||||||| 
LOK |0 040   |a DE-21  |c DE-627  |d DE-21 
LOK |0 852   |a DE-21 
LOK |0 852 1  |c 24 A 10455  |9 00 
LOK |0 935   |a kram  |a konv  |a theo  |a sepp 
LOK |0 939   |a 23-03-92  |b l01 
ORI |a SA-MARC-ixtheoa001.raw 
STA 0 0 |a Asia,Asia,Asia,Northeastern Asia,Free church,Free congregation,Fre church,Mission (international law,Mission,Mission,Christianity,World mission,Missions theology,Theology of missions 
STB 0 0 |a Asie,Missiologie,Théologie de la mission,Théologie de la mission,Mission,Mission,Mission,Église libre 
STC 0 0 |a Asia,Iglesia livre,Misión,Misión,Misión,Teología misionera 
STD 0 0 |a Asia,Chiesa libera,Missione,Missione,Missione,Teologia missionaria 
STE 0 0 |a 宣教,宣教,传教,宣教使命,传教,宣教使命,宣教神学,传教神学,独立教会,自由教会 
STF 0 0 |a 宣教,宣教,傳教,宣教使命,傳教,宣教使命,宣教神學,傳教神學,獨立教會,自由教會 
STG 0 0 |a Igreja livre,Missão,Missão,Missão,Teologia missionária,Ásia 
STH 0 0 |a Азия (мотив),Миссионерское богословие,Миссия (международное право),Миссия (мотив),Миссия,Свободная церковь 
STI 0 0 |a Αποστολή (Διεθνές δίκαιο),Ιεραποστολή (μοτίβο),Ιεραποστολή,Ασία (μοτίβο),Ελεύθερη εκκλησία,Ιεραποστολική θεολογία 
SYB 0 0 |a Evangelical Free Church of America 
SYE 0 0 |a Freikirchliche Gemeinde , Diplomatische Mission,Christentum,Christliche Mission,Heidenmission,Weltmission,Missionierung , Mission,Missionsauffassung 
SYF 0 0 |a Asia,Asiatische Länder,Asiatische Staaten